00378nam a2200145Ia 4500008004100000020001800041041000800059082001600067100001500083245007000098260002500168300000800193365001600201700001500217230718s9999 xx 000 0 und d a9788182746961 aeng a658.84bSKE aSkeldon P. aM CommercebBoost Your Business With The Power Of Mobile Commerce c2013bPentagon Press a283 cRs.b350.00 aSkeldon P.